[Event "Benidorm op U2000 17th"]
[Site "Benidorm"]
[Date "2018.12.02"]
[Round "3"]
[White "Panades Catarineu, Oriol"]
[Black "Parks, Joseph"]
[Result "1-0"]
[WhiteElo "1989"]
[BlackElo "1865"]
[PlyCount "167"]
[EventDate "2018.11.30"]
[EventType "swiss"]
[EventRounds "10"]
[EventCountry "ESP"]
[SourceTitle "EXT 2022"]
[Source "ChessBase"]
[SourceDate "2021.10.06"]
[SourceVersion "1"]
[SourceVersionDate "2021.10.06"]
[SourceQuality "1"]

1. e4 d6 2. d4 Nf6 3. Nc3 Nbd7 4. Nge2 e5 5. g3 c6 6. Bg2 Be7 7. 0-0 0-0 8. a4 a5 9. h3 Re8 10. Be3 Nf8 11. f4 exd4 12. Nxd4 Ne6 13. Nf5 Nc7 14. g4 Bxf5 15. gxf5 Bf8 16. Kh2 Nxe4 17. Nxe4 d5 18. Bb6 dxe4 19. Qxd8 Raxd8 20. Bxc7 Rd2 21. Rac1 e3 22. Bxa5 Rd4 23. Bc3 Rxa4 24. b3 Ra2 25. Kg3 Bc5 26. Bf3 Ba3 27. Ra1 Rxc2 28. Rxa3 Rxc3 29. Be2 Rd8 30. Rfa1 Kf8 31. b4 Rc2 32. Rxe3 Rb2 33. Re4 Re8 34. Rxe8+ Kxe8 35. Re1 Rxb4 36. f6 gxf6 37. Bd3+ Kf8 38. Bxh7 Kg7 39. Bf5 c5 40. Re8 c4 41. Kf3 c3 42. Rc8 Rb3 43. Ke2 Rb4 44. Ke3 Rb3 45. Kd4 b5 46. Rxc3 Rb4+ 47. Ke3 Rb2 48. Bg4 b4 49. Rc7 Kg6 50. f5+ Kg7 51. Rb7 b3 52. Kd3 Rg2 53. Rxb3 Ra2 54. Kc4 Ra7 55. Kd5 Re7 56. Kd6 Re5 57. Rb7 Re3 58. Re7 Rd3+ 59. Kc5 Kf8 60. Ra7 Re3 61. Kd4 Re5 62. Ra3 Re7 63. Re3 Ra7 64. Ke4 Kg7 65. Kf4 Kh6 66. Re4 Rc7 67. Rb4 Kg7 68. Bf3 Rc3 69. Kg4 Rc5 70. Be4 Rc3 71. h4 Rc1 72. Rb2 Rc4 73. Kf4 Rc3 74. Rg2+ Kh7 75. Bd5 Rc7 76. h5 Rd7 77. Rd2 Ra7 78. Be4 Rc7 79. Rd6 Kg7 80. h6+ Kxh6 81. Rxf6+ Kg7 82. Rc6 Ra7 83. f6+ Kh6 84. Rc8 1-0

[Event "SCO-ch 123rd"]
[Site "Glasgow"]
[Date "2016.07.13"]
[Round "5"]
[White "Parks, Joseph"]
[Black "Smith, Rachel Lorna"]
[Result "1-0"]
[WhiteElo "1906"]
[BlackElo "1402"]
[PlyCount "63"]
[EventDate "2016.07.09"]
[EventType "swiss"]
[EventRounds "9"]
[EventCountry "SCO"]
[SourceTitle "CBM 173 Extra"]
[Source "ChessBase"]
[SourceDate "2016.08.29"]
[SourceVersion "1"]
[SourceVersionDate "2016.08.29"]
[SourceQuality "1"]

1. d4 Nf6 2. Nf3 c5 3. e3 g6 4. Bd3 Bg7 5. 0-0 b6 6. Qe2 0-0 7. Nbd2 Bb7 8. Rb1 cxd4 9. exd4 d5 10. Ne5 Nc6 11. Nxc6 Bxc6 12. Nf3 e6 13. Ne5 Bb7 14. c3 Ne4 15. f3 Nd6 16. Ng4 h5 17. Nf2 a6 18. Bf4 Re8 19. Nh3 b5 20. Be5 f6 21. Bxd6 Qxd6 22. Bxg6 Re7 23. f4 e5 24. fxe5 fxe5 25. Qxh5 Bf6 26. Ng5 Bxg5 27. Qxg5 Rg7 28. Bf7+ Kh8 29. Qh5+ Rh7 30. Qxe5+ Qxe5 31. dxe5 Rg7 32. Rf4 1-0

[Event "SCO-ch 123rd"]
[Site "Glasgow"]
[Date "2016.07.12"]
[Round "4"]
[White "Abdulla, Murad"]
[Black "Parks, Joseph"]
[Result "1-0"]
[WhiteElo "2101"]
[BlackElo "1906"]
[PlyCount "81"]
[EventDate "2016.07.09"]
[EventType "swiss"]
[EventRounds "9"]
[EventCountry "SCO"]
[SourceTitle "CBM 173 Extra"]
[Source "ChessBase"]
[SourceDate "2016.08.29"]
[SourceVersion "1"]
[SourceVersionDate "2016.08.29"]
[SourceQuality "1"]

1. e4 d6 2. d4 Nf6 3. Nc3 e5 4. Nf3 Nbd7 5. Bc4 Be7 6. h3 c6 7. a4 0-0 8. 0-0 b6 9. Re1 Bb7 10. Ba2 a6 11. d5 c5 12. Bc4 Ne8 13. Qd3 Nc7 14. Bd2 Nf6 15. Ra2 Qd7 16. Qf1 Nfe8 17. g4 h5 18. Nh2 Bc8 19. Qg2 Nf6 20. g5 Nfe8 21. Bf1 g6 22. f4 exf4 23. Bxf4 Ng7 24. Nf3 Bb7 25. Qe2 Rfe8 26. Qd3 Bf8 27. Raa1 Rab8 28. Rad1 Ba8 29. e5 Nf5 30. exd6 Bxd6 31. Ne4 Rxe4 32. Rxe4 Bxf4 33. Rxf4 Re8 34. c4 Qd6 35. Re4 Rxe4 36. Qxe4 Ng3 37. Qe5 Nf5 38. Qxd6 Nxd6 39. Ne5 Bb7 40. Nd7 Bc8 41. Nxb6 1-0

[Event "Dundee & Angus op"]
[Site "Dundee"]
[Date "2015.10.10"]
[Round "3"]
[White "Abdulla, Murad"]
[Black "Parks, Joseph"]
[Result "1-0"]
[WhiteElo "2027"]
[BlackElo "1809"]
[PlyCount "71"]
[EventDate "2015.10.09"]
[EventType "swiss"]
[EventRounds "5"]
[EventCountry "SCO"]
[SourceTitle "EXT 2023"]
[Source "ChessBase"]
[SourceDate "2022.10.05"]
[SourceVersion "1"]
[SourceVersionDate "2022.10.05"]
[SourceQuality "1"]

1. e4 d5 2. exd5 Qxd5 3. Nf3 Bg4 4. Be2 Nf6 5. Nc3 Qd6 6. h3 Bh5 7. 0-0 e6 8. d4 c6 9. Bg5 Nbd7 10. Qd2 Be7 11. Rfe1 0-0 12. a3 Nb6 13. Rad1 Nbd5 14. Bxf6 Nxf6 15. Ne5 Bxe2 16. Qxe2 Rad8 17. Ne4 Nxe4 18. Qxe4 Qd5 19. Qe2 Bf6 20. Ng4 Qf5 21. c3 Bg5 22. Rd3 Qb5 23. Qc2 Bf4 24. Ne5 Bxe5 25. Rxe5 Qb6 26. Qd2 Qc7 27. Qe3 Rd5 28. f4 Rfd8 29. c4 Rxe5 30. fxe5 g6 31. Qf4 Qb6 32. b4 Rd7 33. h4 c5 34. dxc5 Qd8 35. Rd6 h5 36. Qd4 1-0

[Event "SCO-ch 122nd"]
[Site "Edinburgh"]
[Date "2015.07.14"]
[Round "4"]
[White "Parks, Joseph"]
[Black "Brown, Alan M"]
[Result "0-1"]
[WhiteElo "1897"]
[BlackElo "2082"]
[PlyCount "92"]
[EventDate "2015.07.11"]
[EventType "swiss"]
[EventRounds "9"]
[EventCountry "SCO"]
[SourceTitle "CBM 167 Extra"]
[Source "ChessBase"]
[SourceDate "2015.09.14"]
[SourceVersion "1"]
[SourceVersionDate "2015.09.14"]
[SourceQuality "1"]

1. d4 d5 2. Nf3 Nf6 3. e3 Bf5 4. Be2 e6 5. 0-0 Be7 6. Nbd2 0-0 7. Nh4 Bg6 8. Nxg6 hxg6 9. c4 Nbd7 10. c5 c6 11. f4 a5 12. g4 b6 13. cxb6 Qxb6 14. g5 Ne8 15. Nf3 Nd6 16. Bd3 Rfc8 17. Ne5 Nxe5 18. fxe5 Nf5 19. Qg4 c5 20. Rf3 Qd8 21. h4 Rab8 22. Bxf5 gxf5 23. Qg2 Rb4 24. b3 Rb7 25. Ba3 Rbc7 26. Qd2 cxd4 27. Bxe7 Qxe7 28. exd4 Qa3 29. Rf2 Rc3 30. Rd1 Qe7 31. Rg2 R8c6 32. Rb1 Qc7 33. Rb2 Rh3 34. Rh2 Rc1+ 35. Kg2 Rhc3 36. Qf4 R3c2+ 37. Rxc2 Qxc2+ 38. Kh3 Qd3+ 39. Qg3 Qxd4 40. Rf2 Rc3 41. Rf3 f4 42. Qg2 Qxe5 43. Rxc3 Qxc3+ 44. Kg4 Qg3+ 45. Qxg3 fxg3 46. Kxg3 g6 0-1

[Event "Glenrothes op"]
[Site "Glenrothes"]
[Date "2013.03.16"]
[Round "2"]
[White "Parks, Joseph"]
[Black "Roberts, Paul"]
[Result "1/2-1/2"]
[WhiteElo "1897"]
[BlackElo "2221"]
[PlyCount "65"]
[EventDate "2013.03.15"]
[EventType "swiss"]
[EventRounds "5"]
[EventCountry "SCO"]
[SourceTitle "EXT 2023"]
[Source "ChessBase"]
[SourceDate "2022.10.05"]
[SourceVersion "1"]
[SourceVersionDate "2022.10.05"]
[SourceQuality "1"]

1. d4 Nf6 2. c4 e5 3. dxe5 Ng4 4. e4 h5 5. Be2 Nc6 6. Nf3 Bc5 7. 0-0 Ncxe5 8. Nxe5 Nxe5 9. Nc3 d6 10. Nd5 c6 11. Ne3 Qh4 12. Bf3 Bg4 13. Nf5 Bxf5 14. exf5 0-0-0 15. b3 Ng4 16. Bxg4 hxg4 17. Bf4 d5 18. Bg3 Qh5 19. Qc2 Bd6 20. cxd5 Bxg3 21. fxg3 Rxd5 22. Rad1 Qxh2+ 23. Kf2 Rxd1 24. Rxd1 Qh5 25. Qd3 a6 26. Qd7+ Kb8 27. Re1 g6 28. Re8+ Rxe8 29. Qxe8+ Ka7 30. Qe3+ Kb8 31. Qe8+ Ka7 32. Qe3+ Kb8 33. Qe8+ 1/2-1/2

[Event "SCO-ch 119th"]
[Site "Glasgow"]
[Date "2012.07.08"]
[Round "2"]
[White "Borwell, Alan Peter"]
[Black "Parks, Joseph"]
[Result "1/2-1/2"]
[WhiteElo "2078"]
[BlackElo "1910"]
[PlyCount "77"]
[EventDate "2012.07.07"]
[EventType "swiss"]
[EventRounds "9"]
[EventCountry "SCO"]
[SourceTitle "CBM 149 Extra"]
[Source "ChessBase"]
[SourceDate "2012.08.24"]
[SourceVersion "1"]
[SourceVersionDate "2012.08.24"]
[SourceQuality "1"]

1. e4 d6 2. d4 Nf6 3. Nc3 e5 4. Nge2 Nbd7 5. g3 Be7 6. Bg2 0-0 7. 0-0 c6 8. a4 b6 9. h3 Qc7 10. f4 Bb7 11. Be3 Rfe8 12. Qe1 Bf8 13. fxe5 dxe5 14. Qf2 exd4 15. Nxd4 Nc5 16. Bf4 Bd6 17. Rae1 Be5 18. Bxe5 Qxe5 19. Nf3 Qe7 20. e5 Nd5 21. Nxd5 cxd5 22. Nd4 Nxa4 23. b3 Nc5 24. Nf5 Qe6 25. Nd6 Re7 26. Qd4 Bc6 27. b4 Ne4 28. c4 Qxe5 29. Qxe5 Rxe5 30. b5 Bd7 31. cxd5 f5 32. g4 g6 33. gxf5 gxf5 34. Rf4 Rxd5 35. Nxe4 fxe4 36. Rfxe4 Rxb5 37. Re7 Rd8 38. Rd1 a5 39. Rdxd7 1/2-1/2

[Event "Dundee & Angus op"]
[Site "Dundee"]
[Date "2011.10.15"]
[Round "2"]
[White "Parks, Joseph"]
[Black "Sreeves, Clement"]
[Result "0-1"]
[WhiteElo "1860"]
[BlackElo "2148"]
[PlyCount "70"]
[EventDate "2011.10.14"]
[EventType "swiss"]
[EventRounds "5"]
[EventCountry "SCO"]
[SourceTitle "EXT 2017"]
[Source "ChessBase"]
[SourceDate "2016.10.25"]
[SourceVersion "1"]
[SourceVersionDate "2016.10.25"]
[SourceQuality "1"]

1. d4 Nf6 2. c4 g6 3. Nc3 Bg7 4. g3 0-0 5. Bg2 d6 6. Nf3 Nc6 7. 0-0 a6 8. Qd3 Bf5 9. e4 Bg4 10. Be3 Nd7 11. Nh4 e5 12. d5 Nd4 13. f3 Nc5 14. Qd2 Bd7 15. f4 b5 16. b4 Nb7 17. Bxd4 exd4 18. Ne2 d3 19. Nc3 bxc4 20. Nf3 c5 21. dxc6 Bxc6 22. Rab1 Re8 23. Rfe1 Rc8 24. Bh3 Qb6+ 25. Kf1 Rc7 26. Nd5 Bxd5 27. exd5 Rce7 28. Qf2 Qxf2+ 29. Kxf2 Re2+ 30. Kf1 c3 31. Rxe2 Rxe2 32. Ne1 c2 33. Nxc2 dxc2 34. Rc1 Rd2 35. Bg4 Bb2 0-1

[Event "Dundee & Angus op"]
[Site "Dundee"]
[Date "2011.10.14"]
[Round "1"]
[White "Parks, Joseph"]
[Black "Findlay, David John"]
[Result "1-0"]
[WhiteElo "1860"]
[BlackElo "2167"]
[PlyCount "59"]
[EventDate "2011.10.14"]
[EventType "swiss"]
[EventRounds "5"]
[EventCountry "SCO"]
[SourceTitle "EXT 2017"]
[Source "ChessBase"]
[SourceDate "2016.10.25"]
[SourceVersion "1"]
[SourceVersionDate "2016.10.25"]
[SourceQuality "1"]

1. d4 Nf6 2. c4 g6 3. Nc3 Bg7 4. g3 0-0 5. Bg2 c5 6. d5 d6 7. Nf3 e6 8. 0-0 exd5 9. cxd5 Na6 10. Nd2 Nc7 11. a4 b6 12. Qc2 Ba6 13. Re1 Re8 14. Nf1 Qd7 15. Bf4 Nh5 16. Bd2 f5 17. h3 Qf7 18. e4 f4 19. g4 f3 20. gxh5 fxg2 21. Kxg2 Rf8 22. f4 Be5 23. Ne2 Nxd5 24. exd5 Qxd5+ 25. Kh2 Bb7 26. Ne3 Qf3 27. Qc4+ Kh8 28. Rf1 Rxf4 29. Nxf4 Bxf4+ 30. Qxf4 1-0

[Event "SCO-ch 118th"]
[Site "Edinburgh"]
[Date "2011.07.16"]
[Round "8"]
[White "Parks, Joseph"]
[Black "Brechin, Hugh R"]
[Result "1-0"]
[WhiteElo "1927"]
[BlackElo "2052"]
[PlyCount "39"]
[EventDate "2011.07.09"]
[EventType "swiss"]
[EventRounds "9"]
[EventCountry "SCO"]
[SourceTitle "EXT 2023"]
[Source "ChessBase"]
[SourceDate "2022.10.05"]
[SourceVersion "1"]
[SourceVersionDate "2022.10.05"]
[SourceQuality "1"]

1. d4 Nf6 2. c4 e6 3. g3 d5 4. Bg2 c6 5. Nf3 Be7 6. 0-0 0-0 7. Nc3 Nbd7 8. Nd2 e5 9. dxe5 Nxe5 10. cxd5 cxd5 11. Nb3 Be6 12. Bg5 Nc4 13. Nd4 Nxb2 14. Qb3 Qb6 15. Nxe6 fxe6 16. Be3 Qb4 17. Rab1 d4 18. Qxb4 Bxb4 19. Bxd4 Rad8 20. Nb5 1-0

[Event "SCO-ch 118th"]
[Site "Edinburgh"]
[Date "2011.07.13"]
[Round "5"]
[White "Parks, Joseph"]
[Black "Scott, Jonathan"]
[Result "0-1"]
[WhiteElo "1927"]
[BlackElo "1810"]
[PlyCount "153"]
[EventDate "2011.07.09"]
[EventType "swiss"]
[EventRounds "9"]
[EventCountry "SCO"]
[SourceTitle "EXT 2023"]
[Source "ChessBase"]
[SourceDate "2022.10.05"]
[SourceVersion "1"]
[SourceVersionDate "2022.10.05"]
[SourceQuality "1"]

1. d4 Nf6 2. c4 g6 3. g3 Bg7 4. Bg2 0-0 5. Nc3 d6 6. Nf3 Nc6 7. 0-0 a6 8. Qd3 Rb8 9. b3 Bd7 10. Bb2 b5 11. cxb5 axb5 12. Rac1 b4 13. Nd1 Na5 14. Re1 Bb5 15. Qc2 c6 16. Nd2 d5 17. e4 e6 18. e5 Nd7 19. a4 Ba6 20. f4 Qb6 21. Nf2 Rfc8 22. Bf1 c5 23. Bxa6 Qxa6 24. dxc5 Nxc5 25. Qd1 Bf8 26. Bd4 Rc7 27. Qe2 Qxe2 28. Rxe2 Rbc8 29. Rb1 Nc6 30. Bxc5 Bxc5 31. Nf3 Nd4 32. Nxd4 Bxd4 33. Rd2 Be3 34. Re2 Rc1+ 35. Rxc1 Rxc1+ 36. Kg2 Bxf2 37. Kxf2 Rb1 38. Ra2 Rxb3 39. a5 Ra3 40. Rb2 b3 41. Rb1 Rxa5 42. Rxb3 Ra2+ 43. Kg1 h6 44. h4 g5 45. h5 Ra4 46. Rf3 gxf4 47. gxf4 Rc4 48. Kf2 Rc2+ 49. Kg1 Kf8 50. Rg3 Rc4 51. Rg4 Re4 52. Kf2 d4 53. Kf3 Re3+ 54. Kf2 Rh3 55. f5 Rxh5 56. fxe6 fxe6 57. Rxd4 Rxe5 58. Rd7 Rf5+ 59. Ke2 Rf7 60. Rd8+ Kg7 61. Re8 Kf6 62. Rh8 Kg5 63. Rg8+ Kf5 64. Rh8 Rf6 65. Kf3 Kg5+ 66. Kg3 Kf5 67. Kf3 Ke5+ 68. Ke3 Rg6 69. Kf3 Kf5 70. Rf8+ Kg5 71. Ke4 h5 72. Rh8 Kg4 73. Ra8 h4 74. Ra1 h3 75. Rg1+ Kh5 76. Rh1 Kh4 77. Kf3 0-1

[Event "East of Scotland-ch"]
[Site "Scotland"]
[Date "2011.05.28"]
[Round "3"]
[White "Parks, Joseph"]
[Black "Mason, Ian C"]
[Result "1-0"]
[WhiteElo "1956"]
[BlackElo "1856"]
[PlyCount "77"]
[EventDate "2011.05.27"]
[EventType "swiss"]
[EventRounds "5"]
[EventCountry "SCO"]
[SourceTitle "EXT 2023"]
[Source "ChessBase"]
[SourceDate "2022.10.05"]
[SourceVersion "1"]
[SourceVersionDate "2022.10.05"]
[SourceQuality "1"]

1. d4 Nf6 2. c4 g6 3. g3 Bg7 4. Bg2 0-0 5. Nc3 d6 6. Nf3 Nbd7 7. 0-0 c5 8. d5 Ng4 9. e4 Nge5 10. Nd2 Nb6 11. Qe2 a6 12. h3 Rb8 13. f4 Ned7 14. Nf3 e5 15. f5 Nf6 16. g4 Nbd7 17. Kh2 b5 18. g5 Nh5 19. f6 Bh8 20. Nh4 bxc4 21. Nf5 gxf5 22. Qxh5 f4 23. Bxf4 exf4 24. Rxf4 Qe8 25. Qh6 Qe5 26. Raf1 Rxb2 27. Kh1 Rxg2 28. Kxg2 Re8 29. Rh4 Nf8 30. g6 Bxf6 31. gxf7+ Kxf7 32. Rxf6+ Qxf6 33. Rf4 Qxf4 34. Qxf4+ Ke7 35. e5 dxe5 36. Qxe5+ Kf7 37. Qh5+ Ke7 38. d6+ Kd7 39. Qf7+ 1-0

[Event "Edinburgh op"]
[Site "Edinburgh"]
[Date "2011.04.02"]
[Round "2"]
[White "Parks, Joseph"]
[Black "MacRae, James"]
[Result "1-0"]
[WhiteElo "1934"]
[BlackElo "1753"]
[PlyCount "137"]
[EventDate "2011.04.01"]
[EventType "swiss"]
[EventRounds "5"]
[EventCountry "SCO"]
[SourceTitle "EXT 2013"]
[Source "ChessBase"]
[SourceDate "2012.11.22"]
[SourceVersion "1"]
[SourceVersionDate "2012.11.22"]
[SourceQuality "1"]

1. d4 d5 2. Nf3 e6 3. e3 Nf6 4. Bd3 Be7 5. Nbd2 Nbd7 6. b3 b6 7. 0-0 Bb7 8. Bb2 0-0 9. Ne5 c5 10. f4 Rc8 11. Ndf3 cxd4 12. exd4 Ne4 13. Nxd7 Qxd7 14. Ne5 Qc7 15. Qg4 Bd6 16. Rf3 f5 17. Qh5 Rf6 18. Bxe4 dxe4 19. Rg3 Bxe5 20. dxe5 Rf7 21. Rc3 Qd7 22. Rd1 Bd5 23. Rxc8+ Qxc8 24. c4 Bc6 25. Qg5 Rd7 26. Rd6 Rxd6 27. exd6 Qd7 28. Kf2 h6 29. Qg3 Kh7 30. Be5 Kg8 31. b4 b5 32. a4 a6 33. cxb5 axb5 34. a5 Kf8 35. Qe3 Qb7 36. Qd4 Bd5 37. Qc5 Ke8 38. Bxg7 h5 39. Ke3 Qc6 40. Kd4 Kd7 41. Qa7+ Qb7 42. Qxb7+ Bxb7 43. Kc5 Bc6 44. a6 e3 45. g3 e2 46. Bc3 Ba8 47. Kb6 Kxd6 48. Ka7 Bc6 49. Kb8 Kd5 50. a7 Ke4 51. a8Q Bxa8 52. Kxa8 Kf3 53. Kb7 Kg2 54. Kb6 Kf1 55. Kxb5 e1Q 56. Bxe1 Kxe1 57. Ka5 Kf2 58. b5 Kg2 59. b6 Kxh2 60. b7 Kxg3 61. b8Q h4 62. Qe5 h3 63. Qe3+ Kg2 64. Kb5 h2 65. Qe2+ Kg1 66. Kc5 h1Q 67. Qe1+ Kg2 68. Qxh1+ Kxh1 69. Kd6 1-0